[Event "2. Bundesliga West 2016/17"]
[Site "Hohenems"]
[Date "2016.10.28"]
[Round "1"]
[Board "4"]
[White "Amann, Harald"]
[Black "Jussupow, Nadia"]
[Result "0-1"]
[WhiteElo "2049"]
[BlackElo "2174"]
[PlyCount "146"]
[EventDate "2016.10.28"]
[EventType "team"]
[EventRounds "11"]
[EventCountry "AUT"]
[WhiteTeam "Bregenz 2"]
[BlackTeam "Goetzis 2"]

1. Nf3 g6 2. g3 Bg7 3. Bg2 d6 4. d4 f5 5. O-O Nf6 6. c4 O-O 7. Nc3 Qe8 8. Nd5
Na6 9. Nxf6+ Bxf6 10. Bh6 Bg7 11. Bxg7 Kxg7 12. d5 e5 13. dxe6 Qxe6 14. Qd4+
Qf6 15. e3 Nc5 16. Qxf6+ Kxf6 17. Nd4 Ne4 18. Rad1 Bd7 19. f3 Ng5 20. Rfe1 Rfe8
21. Kf2 a6 22. Ne2 Be6 23. b3 b5 24. h4 Nf7 25. f4 Rab8 26. cxb5 axb5 27. Nd4
Bd7 28. Nc6 Rb6 29. Rc1 b4 30. Rc4 Bxc6 31. Bxc6 Re7 32. Rec1 Nh6 33. Bf3 c5
34. Rd1 Nf7 35. Bd5 Ra6 36. Rd2 Rea7 37. Rcc2 h5 38. Bc4 Rb6 39. Bd5 Nh6 40.
Kf3 Ng4 41. Re2 Kg7 42. Rcd2 Nf6 43. e4 Re7 44. exf5 Rxe2 45. Kxe2 gxf5 46. Bf3
Kf7 47. Rc2 Rb5 48. Kd3 d5 49. Re2 Ra5 50. Re5 d4 51. Rxf5 c4+ 52. Kxd4 Rxf5
53. Kxc4 Ra5 54. Kxb4 Rxa2 55. Kc5 Rf2 56. Bc6 Rc2+ 57. Kd6 Rb2 58. Ba4 Ne4+
59. Ke5 Nxg3 60. f5 Ne2 61. Bb5 Nc1 62. Bc4+ Kf8 63. Kd4 Ne2+ 64. Kc5 Ng3 65.
Be6 Ke7 66. b4 Kf6 67. b5 Nxf5 68. Bd5 Rc2+ 69. Kb4 Ke5 70. Bf7 Nd6 71. Bb3 Rh2
72. b6 Rxh4+ 73. Kc5 Rg4 0-1

[Event "2. Bundesliga West 2016/17"]
[Site "Hohenems"]
[Date "2016.10.28"]
[Round "1"]
[Board "5"]
[White "Kranz, Armin"]
[Black "Dorner, Guenther"]
[Result "0-1"]
[WhiteElo "2071"]
[BlackElo "1917"]
[PlyCount "134"]
[EventDate "2016.10.28"]
[EventType "team"]
[EventRounds "11"]
[EventCountry "AUT"]
[WhiteTeam "Goetzis 2"]
[BlackTeam "Bregenz 2"]

1. d4 Nf6 2. c4 e6 3. Nf3 d5 4. g3 c6 5. Qc2 Bb4+ 6. Bd2 Bxd2+ 7. Nbxd2 Qa5 8.
Bg2 Nbd7 9. O-O O-O 10. Rfe1 Re8 11. a3 c5 12. e4 dxe4 13. Nxe4 Nxe4 14. Qxe4
cxd4 15. b4 Qc7 16. Qxd4 b6 17. Ne5 Rb8 18. Nc6 Rb7 19. Rad1 Nf8 20. h4 f6 21.
c5 e5 22. Qc3 Bd7 23. cxb6 Qxb6 24. Rc1 Kh8 25. a4 Rc8 26. b5 Rbc7 27. Qd3 Ne6
28. a5 Qb7 29. Rc2 Bxc6 30. Bxc6 Qb8 31. Rec1 Nd4 32. Rc3 a6 33. Bf3 Rxc3 34.
Rxc3 Rxc3 35. Qxc3 axb5 36. a6 g6 37. Qa3 b4 38. Qd3 Qb6 39. Bd5 Kg7 40. Qc4 b3
41. Qc8 b2 42. Ba2 b1=Q+ 43. Bxb1 Qxb1+ 44. Kh2 Qf1 45. Qb7+ Kh6 46. a7 Qxf2+
47. Qg2 Nf3+ 48. Kh3 Ng1+ 49. Qxg1 Qxg1 50. a8=Q Qf1+ 51. Kh2 Qf5 52. Kg2 e4
53. Qf8+ Kh5 54. Qe7 h6 55. Qa3 Kg4 56. Qd6 Qf3+ 57. Kh2 Qf2+ 58. Kh1 Qxg3 59.
Qe6+ Kh5 60. Qf5+ g5 61. Qg6+ Kg4 62. Qxe4+ Qf4 63. Qe6+ Kxh4 64. Qe1+ Kg4 65.
Qe6+ Qf5 66. Qc4+ Kg3 67. Qc7+ Qf4 0-1

[Event "2. Bundesliga West 2016/17"]
[Site "Hohenems"]
[Date "2016.10.28"]
[Round "1"]
[Board "6"]
[White "Kozissnik, Christian"]
[Black "Khachatouri, Saro"]
[Result "1/2-1/2"]
[WhiteElo "1917"]
[BlackElo "1832"]
[PlyCount "60"]
[EventDate "2016.10.28"]
[EventType "team"]
[EventRounds "11"]
[EventCountry "AUT"]
[WhiteTeam "Bregenz 2"]
[BlackTeam "Goetzis 2"]

1. d4 Nf6 2. c4 e6 3. Nc3 Bb4 4. e3 b6 5. Be2 O-O 6. Bf3 d5 7. Nge2 Bb7 8. O-O
Ne4 9. Qc2 Ng5 10. Bh5 g6 11. f4 Ne4 12. Bf3 f5 13. Ng3 Nxg3 14. hxg3 c6 15.
Nd1 Nd7 16. Nf2 Nf6 17. Nd3 Bd6 18. Ne5 Ne4 19. Bxe4 fxe4 20. b3 Bxe5 21. dxe5
c5 22. Bb2 d4 23. Rad1 d3 24. Qc3 Qe7 25. g4 Qh4 26. f5 gxf5 27. gxf5 Qg5 28.
fxe6 Qxe3+ 29. Kh2 Qh6+ 30. Kg1 Qe3+ 1/2-1/2

[Event "2. Bundesliga West 2016/17"]
[Site "Salzburg"]
[Date "2016.10.28"]
[Round "1"]
[Board "1"]
[White "Bertagnolli, Alexander"]
[Black "Medvegy, Zoltan"]
[Result "0-1"]
[WhiteElo "2375"]
[BlackElo "2557"]
[PlyCount "68"]
[EventDate "2016.10.28"]
[EventType "team"]
[EventRounds "11"]
[EventCountry "AUT"]
[WhiteTeam "Kufstein/Woergl"]
[BlackTeam "Ranshofen"]

1. d4 Nf6 2. c4 e6 3. Nc3 Bb4 4. Qc2 O-O 5. e4 d6 6. a3 Bxc3+ 7. bxc3 Nbd7 8.
Bd3 c5 9. Ne2 Qc7 10. f4 b5 11. e5 bxc4 12. Bxc4 cxd4 13. cxd4 Ba6 14. exf6
Rfc8 15. fxg7 Qxc4 16. Qxc4 Rxc4 17. f5 Re8 18. Ra2 exf5 19. Kf2 Nf6 20. Rd1
Ne4+ 21. Kg1 Rcc8 22. Ng3 Nc3 23. Rad2 Nxd1 24. Rxd1 Be2 25. Re1 Bd3 26. Rd1
Be2 27. Re1 Bd3 28. Rd1 Bc2 29. Rf1 f6 30. d5 Bd3 31. Rd1 Bc2 32. Rf1 Kxg7 33.
Nh5+ Kf7 34. Bb2 Bd3 0-1

[Event "2. Bundesliga West 2016/17"]
[Site "Salzburg"]
[Date "2016.10.28"]
[Round "1"]
[Board "2"]
[White "Galyas, Miklos"]
[Black "Koepke, Christian"]
[Result "1/2-1/2"]
[WhiteElo "2467"]
[BlackElo "2305"]
[PlyCount "59"]
[EventDate "2016.10.28"]
[EventType "team"]
[EventRounds "11"]
[EventCountry "AUT"]
[WhiteTeam "Ranshofen"]
[BlackTeam "Kufstein/Woergl"]

1. c4 f5 2. Nf3 Nf6 3. Nc3 g6 4. d4 Bg7 5. Bf4 d6 6. e3 O-O 7. c5 Kh8 8. Bc4 h6
9. h4 Nh5 10. Bh2 Nd7 11. Qc2 Ndf6 12. O-O-O c6 13. Ng5 d5 14. Be2 hxg5 15.
hxg5 Ne4 16. Nxe4 dxe4 17. Bxh5 gxh5 18. Qe2 Qe8 19. Bf4 Qg6 20. Rxh5+ Kg8 21.
Rdh1 Be6 22. Rh6 Bxh6 23. Rxh6 Kf7 24. Rxg6 Kxg6 25. Be5 Rf7 26. Qe1 a5 27. Qd1
a4 28. a3 Rh7 29. Qe1 Bd5 30. Qb4 1/2-1/2

[Event "2. Bundesliga West 2016/17"]
[Site "Salzburg"]
[Date "2016.10.28"]
[Round "1"]
[Board "3"]
[White "Levushkina, Elena"]
[Black "Dovzik, Juri"]
[Result "0-1"]
[WhiteElo "2342"]
[BlackElo "2284"]
[PlyCount "130"]
[EventDate "2016.10.28"]
[EventType "team"]
[EventRounds "11"]
[EventCountry "AUT"]
[WhiteTeam "Kufstein/Woergl"]
[BlackTeam "Ranshofen"]

1. e4 c5 2. Nf3 e6 3. c3 d5 4. exd5 Qxd5 5. d4 Nf6 6. Be3 cxd4 7. cxd4 Nc6 8.
Nc3 Qd6 9. a3 Be7 10. Bd3 O-O 11. O-O b6 12. Qe2 Bb7 13. Rad1 Rfd8 14. Rfe1
Rac8 15. Bb1 Qb8 16. Ng5 Re8 17. Bc1 Bd6 18. Nce4 Nxe4 19. Qxe4 g6 20. Qh4 h5
21. Ne4 Ne7 22. Nf6+ Kg7 23. Nd7 Rxc1 24. Qf6+ Kg8 25. Nxb8 Rxd1 26. Rxd1 Bxb8
27. h3 Kf8 28. Re1 Ng8 29. Qg5 Kg7 30. Ba2 Nf6 31. a4 Rd8 32. Rd1 Bc6 33. Bb3
Rd7 34. a5 Bd5 35. Ba4 Rd6 36. Qd2 bxa5 37. Qxa5 Rb6 38. Qc3 Bd6 39. Ra1 Ne4
40. Qc2 Rb4 41. Rd1 Rc4 42. Qb3 Rb4 43. Qa3 Rb6 44. Qa1 Ra6 45. Rd3 Bc4 46. Re3
Nf6 47. b3 Bd5 48. Qc3 Rb6 49. Re2 Rb4 50. Qd3 Bc7 51. Qc3 Bd6 52. Re1 a5 53.
Qd3 Bc7 54. Rd1 Bb6 55. Qe3 Ba7 56. Qe5 Bb8 57. Qe2 Ba7 58. Qe3 Ne4 59. Qf4 Bb8
60. Qe3 Ba7 61. Qf4 Bb8 62. Qc1 Ba7 63. Qc7 Bb6 64. Qf4 Nc3 65. Rc1 Ne2+ 0-1

[Event "2. Bundesliga West 2016/17"]
[Site "Salzburg"]
[Date "2016.10.28"]
[Round "1"]
[Board "4"]
[White "Knechtel, Roland"]
[Black "Rusche, Johannes"]
[Result "1/2-1/2"]
[WhiteElo "2266"]
[BlackElo "2265"]
[PlyCount "64"]
[EventDate "2016.10.28"]
[EventType "team"]
[EventRounds "11"]
[EventCountry "AUT"]
[WhiteTeam "Ranshofen"]
[BlackTeam "Kufstein/Woergl"]

1. d4 Nf6 2. Nf3 e6 3. c4 b6 4. Nc3 Bb7 5. Bg5 Be7 6. Qc2 d5 7. cxd5 Nxd5 8.
Bxe7 Qxe7 9. Nxd5 exd5 10. Rc1 c6 11. e3 Nd7 12. Bd3 Nf6 13. O-O O-O 14. Rfd1
g6 15. Qa4 Rfc8 16. Ba6 Bxa6 17. Qxa6 Rc7 18. a3 Ne4 19. Rc2 Rac8 20. Qd3 Nd6
21. b3 Ne4 22. a4 Qb4 23. h3 c5 24. dxc5 Rxc5 25. Rdc1 Rxc2 26. Rxc2 Rxc2 27.
Qxc2 Nc5 28. Nd4 Qe1+ 29. Kh2 Ne4 30. f3 Qg3+ 31. Kg1 Qe1+ 32. Kh2 Qg3+ 1/2-1/2

[Event "2. Bundesliga West 2016/17"]
[Site "Salzburg"]
[Date "2016.10.28"]
[Round "1"]
[Board "5"]
[White "Neuschmied, Siegfried"]
[Black "Riediger, Martin"]
[Result "0-1"]
[WhiteElo "2153"]
[BlackElo "2288"]
[PlyCount "73"]
[EventDate "2016.10.28"]
[EventType "team"]
[EventRounds "11"]
[EventCountry "AUT"]
[WhiteTeam "Kufstein/Woergl"]
[BlackTeam "Ranshofen"]

1. e4 e5 2. Nf3 Nc6 3. Bb5 a6 4. Ba4 Nf6 5. d3 d6 6. c3 Bd7 7. O-O g6 8. Re1
Bg7 9. Nbd2 O-O 10. Nf1 b5 11. Bc2 h6 12. Ng3 Re8 13. h3 d5 14. Be3 Be6 15. a4
dxe4 16. dxe4 Qxd1 17. Rexd1 b4 18. Bd2 b3 19. Bd3 Nd7 20. Be3 Na5 21. Nd2 Bf8
22. Be2 h5 23. c4 Bc5 24. Ngf1 Rab8 25. Rdc1 c6 26. g4 hxg4 27. Bxg4 Kf8 28.
Kg2 Bxg4 29. hxg4 Bxe3 30. Nxe3 Nc5 31. Kf3 Red8 32. Ke2 Rd4 33. f3 Ke7 34.
Ndf1 Rbd8 35. Rc3 Nd3 36. c5 Nxb2 37. Re1 0-1

[Event "2. Bundesliga West 2016/17"]
[Site "Salzburg"]
[Date "2016.10.28"]
[Round "1"]
[Board "6"]
[White "Ager, Josef"]
[Black "Atzl, Florian"]
[Result "0-1"]
[WhiteElo "2144"]
[BlackElo "1996"]
[PlyCount "101"]
[EventDate "2016.10.28"]
[EventType "team"]
[EventRounds "11"]
[EventCountry "AUT"]
[WhiteTeam "Ranshofen"]
[BlackTeam "Kufstein/Woergl"]

1. Nf3 c5 2. b3 Nc6 3. Bb2 Nf6 4. e3 d5 5. Bb5 Bd7 6. d3 e6 7. Nbd2 Bd6 8. e4
Bc7 9. Bxc6 Bxc6 10. Qe2 d4 11. a4 e5 12. O-O O-O 13. Nc4 Re8 14. Bc1 h6 15. h3
a6 16. a5 Bb5 17. Bd2 Nh7 18. g3 Bd7 19. Kg2 Qf6 20. Rh1 Nf8 21. Raf1 Ng6 22.
Nh2 Qe6 23. Qh5 Rf8 24. g4 Be8 25. Nf3 f6 26. Qf5 Qf7 27. Qh5 Qe6 28. Kh2 Bd8
29. Qf5 Qc6 30. Qh5 Rc8 31. Ne1 Nf4 32. Qh4 f5 33. Qg3 fxe4 34. Nxe5 Qf6 35.
Bxf4 Qxf4 36. Qxf4 Rxf4 37. Ng2 Bc7 38. Nc4 Rxf2+ 39. Kg1 Rxg2+ 40. Kxg2 e3 41.
Kf3 Bc6+ 42. Ke2 Bxh1 43. Rxh1 Rf8 44. Rf1 Rxf1 45. Kxf1 Kf7 46. Ke2 Kf6 47. h4
Bg3 48. Kf3 Bxh4 49. Nd6 Ke6 50. Nf7 Kd5 51. Ke2 0-1

[Event "2. Bundesliga West 2016/17"]
[Site "Salzburg"]
[Date "2016.10.28"]
[Round "1"]
[Board "1"]
[White "Bromberger, Stefan"]
[Black "Besner, Bernhard"]
[Result "1-0"]
[WhiteElo "2535"]
[BlackElo "2141"]
[PlyCount "75"]
[EventDate "2016.10.28"]
[EventType "team"]
[EventRounds "11"]
[EventCountry "AUT"]
[WhiteTeam "SIR Bernhard 1"]
[BlackTeam "ASK Salzburg"]

1. d4 d5 2. c4 e6 3. Nf3 c5 4. g3 dxc4 5. Bg2 Nc6 6. Qa4 Qa5+ 7. Qxa5 Nxa5 8.
Na3 Bd7 9. Bd2 Nc6 10. dxc5 Bxc5 11. Nxc4 Nf6 12. O-O O-O 13. Rac1 Rac8 14. a3
Rfd8 15. b4 Be7 16. b5 Nb8 17. Nfe5 Bxb5 18. Bxb7 Rxc4 19. Nxc4 Bxc4 20. Rxc4
Rxd2 21. Rc8+ Rd8 22. Rxd8+ Bxd8 23. Rc1 Kf8 24. Rc8 Ke7 25. Rxb8 Ne8 26. Be4
Bb6 27. Bxh7 g6 28. h4 Nf6 29. Bg8 Bc7 30. Rb7 Ne8 31. Rxa7 Kf8 32. Ra8 Ke7 33.
a4 Nf6 34. Ra7 Ne8 35. a5 Kf8 36. Bxf7 Kxf7 37. a6 Kf6 38. Rb7 1-0

[Event "2. Bundesliga West 2016/17"]
[Site "Salzburg"]
[Date "2016.10.28"]
[Round "1"]
[Board "2"]
[White "Frank, Emanuel"]
[Black "Mons, Leon"]
[Result "0-1"]
[WhiteElo "2189"]
[BlackElo "2461"]
[PlyCount "76"]
[EventDate "2016.10.28"]
[EventType "team"]
[EventRounds "11"]
[EventCountry "AUT"]
[WhiteTeam "ASK Salzburg"]
[BlackTeam "SIR Bernhard 1"]

1. d4 Nf6 2. c4 b6 3. f3 Nc6 4. Nc3 e5 5. d5 Ne7 6. e4 Ng6 7. Be3 Bc5 8. Qd2
O-O 9. g3 h6 10. Bh3 d6 11. Bxc8 Qxc8 12. Nge2 Nh7 13. a3 f5 14. b4 Bxe3 15.
Qxe3 f4 16. gxf4 exf4 17. Qd2 Ne5 18. Nd4 Nxc4 19. Qe2 Ne5 20. Ne6 Ng5 21. Nxg5
hxg5 22. h3 Qe8 23. O-O-O a6 24. Qg2 c5 25. dxc6 Qxc6 26. Kb2 Nc4+ 27. Kb3 Ne3
28. Qxg5 Qc4+ 29. Kb2 a5 30. Nd5 Qe2+ 31. Ka1 axb4 32. Ne7+ Kf7 33. Qg6+ Kxe7
34. Qxg7+ Rf7 35. Qg5+ Kd7 36. Qb5+ Kc7 37. Qd3 Qxd3 38. Rc1+ Nc2+ 0-1

[Event "2. Bundesliga West 2016/17"]
[Site "Salzburg"]
[Date "2016.10.28"]
[Round "1"]
[Board "3"]
[White "Pitl, Gregory"]
[Black "Roth, Peter"]
[Result "1-0"]
[WhiteElo "2397"]
[BlackElo "2128"]
[PlyCount "33"]
[EventDate "2016.10.28"]
[EventType "team"]
[EventRounds "11"]
[EventCountry "AUT"]
[WhiteTeam "SIR Bernhard 1"]
[BlackTeam "ASK Salzburg"]

1. d4 g6 2. e4 Bg7 3. Nc3 c6 4. Be3 d5 5. f3 dxe4 6. fxe4 Nf6 7. Nf3 Qa5 8. e5
Ne4 9. Bd3 Bf5 10. O-O Nxc3 11. bxc3 Bxd3 12. Qxd3 f6 13. Rab1 b6 14. c4 Nd7
15. e6 Nf8 16. d5 Rd8 17. Nd4 1-0

[Event "2. Bundesliga West 2016/17"]
[Site "Salzburg"]
[Date "2016.10.28"]
[Round "1"]
[Board "4"]
[White "Herrmann, Michael"]
[Black "Hilverda, Alexander"]
[Result "0-1"]
[WhiteElo "2078"]
[BlackElo "2392"]
[PlyCount "122"]
[EventDate "2016.10.28"]
[EventType "team"]
[EventRounds "11"]
[EventCountry "AUT"]
[WhiteTeam "ASK Salzburg"]
[BlackTeam "SIR Bernhard 1"]

1. c4 e5 2. g3 Nf6 3. Bg2 c6 4. d4 e4 5. d5 Bb4+ 6. Bd2 Qe7 7. Nc3 cxd5 8. cxd5
O-O 9. e3 b6 10. Nge2 Bb7 11. Qb3 Na6 12. O-O Bxc3 13. Nxc3 Nc5 14. Qc4 Ba6 15.
Nb5 Nxd5 16. Qxd5 Bxb5 17. Rfc1 Bc6 18. Qd4 Ne6 19. Qb4 Nc5 20. Qd4 Rfe8 21.
Bb4 Ne6 22. Qd6 Qf6 23. Rc2 Qf5 24. h4 a5 25. Ba3 Qd5 26. Rd2 Qxd6 27. Rxd6 Nc7
28. Bf1 Re6 29. Rd2 Nb5 30. Bxb5 Bxb5 31. Rd5 Bc6 32. Rd6 Rxd6 33. Bxd6 f6 34.
Rc1 Ra7 35. Kf1 Kf7 36. Ke1 Ke6 37. Ba3 Ra8 38. b3 a4 39. b4 Bd5 40. Rc2 Bb3
41. Rb2 Bc4 42. Rc2 b5 43. Bc1 Ra6 44. a3 Rd6 45. Bd2 h5 46. Bc3 Kf5 47. Bd4 g5
48. hxg5 fxg5 49. Rc1 h4 50. gxh4 gxh4 51. Kd2 h3 52. Rh1 Rh6 53. Bg7 Rh7 54.
Bf8 Ke6 55. Bc5 d6 56. Bd4 Kd7 57. Bf6 Be6 58. Bg5 Bg4 59. Bf4 Bf3 60. Rh2 Bg2
61. Bg3 Rh6 0-1

[Event "2. Bundesliga West 2016/17"]
[Site "Salzburg"]
[Date "2016.10.28"]
[Round "1"]
[Board "5"]
[White "Durakovic, Alman"]
[Black "Usleber, Helmut"]
[Result "1-0"]
[WhiteElo "2280"]
[BlackElo "2064"]
[PlyCount "75"]
[EventDate "2016.10.28"]
[EventType "team"]
[EventRounds "11"]
[EventCountry "AUT"]
[WhiteTeam "SIR Bernhard 1"]
[BlackTeam "ASK Salzburg"]

1. Nf3 f5 2. d3 d6 3. e4 e5 4. Nc3 c5 5. exf5 Bxf5 6. g3 Nc6 7. Bg2 Nf6 8. O-O
Qd7 9. Bg5 Be7 10. Nh4 Bg4 11. Qd2 Bh3 12. f4 Bxg2 13. Qxg2 exf4 14. Rxf4 O-O-O
15. Nf5 Rdf8 16. Raf1 Bd8 17. Nb5 d5 18. Qf2 Kb8 19. Bxf6 Bxf6 20. Qxc5 Be5 21.
R4f3 a6 22. Nbd4 Nxd4 23. Nxd4 Rc8 24. Qb6 Bxd4+ 25. Qxd4 Rxc2 26. Rf7 Qd6 27.
Rxg7 Rf8 28. Rxf8+ Qxf8 29. Qf4+ Qxf4 30. gxf4 Rd2 31. Rxh7 Rxd3 32. Kf2 d4 33.
Re7 Rh3 34. Kg2 Rd3 35. Re2 Rd1 36. Kf3 d3 37. Rf2 Kc7 38. Ke4 1-0

[Event "2. Bundesliga West 2016/17"]
[Site "Salzburg"]
[Date "2016.10.28"]
[Round "1"]
[Board "6"]
[White "Flatz, Helmut"]
[Black "Pflug, Mathias"]
[Result "0-1"]
[WhiteElo "1892"]
[BlackElo "2252"]
[PlyCount "116"]
[EventDate "2016.10.28"]
[EventType "team"]
[EventRounds "11"]
[EventCountry "AUT"]
[WhiteTeam "ASK Salzburg"]
[BlackTeam "SIR Bernhard 1"]

1. c4 f5 2. Nc3 Nf6 3. d4 g6 4. e3 Bg7 5. Nf3 O-O 6. Be2 d6 7. O-O Nc6 8. d5
Ne5 9. Qc2 Bd7 10. Rd1 Qe8 11. b3 Ne4 12. Bb2 Nxf2 13. Nxe5 Nxd1 14. Nxd7 Nxc3
15. Nxf8 Nxe2+ 16. Qxe2 Qxf8 17. Rf1 Bxb2 18. Qxb2 Qg7 19. Qc2 Qe5 20. Qf2 c6
21. dxc6 bxc6 22. Qf4 Qxf4 23. Rxf4 e5 24. Rf1 Kf7 25. Rc1 Ke6 26. Kf2 a5 27.
h4 Rb8 28. Rc2 a4 29. bxa4 Rb4 30. a5 Ra4 31. g3 Rxa5 32. Ke2 Ra3 33. Kf2 Kd7
34. Rb2 Kc7 35. h5 Rc3 36. hxg6 hxg6 37. a4 Rxc4 38. Ra2 Kb6 39. a5+ Ka6 40.
Kf3 g5 41. Rd2 d5 42. Rb2 Rc3 43. Rb8 f4 44. gxf4 gxf4 45. Ra8+ Kb7 46. Re8
Rxe3+ 47. Kf2 d4 48. Re6 e4 49. a6+ Kxa6 50. Rxc6+ Kb5 51. Rc8 Ra3 52. Ke2 Ra2+
53. Ke1 e3 54. Rf8 d3 55. Kf1 Ra1+ 56. Kg2 d2 57. Rb8+ Kc6 58. Rd8 d1=Q 0-1

[Event "2. Bundesliga West 2016/17"]
[Site "Tirol"]
[Date "2016.10.29"]
[Round "2"]
[Board "2"]
[White "Reich, Thomas"]
[Black "Spornberger, Maximilian"]
[Result "1/2-1/2"]
[WhiteElo "2349"]
[BlackElo "2300"]
[PlyCount "108"]
[EventDate "2016.10.28"]
[EventType "team"]
[EventRounds "11"]
[EventCountry "AUT"]
[WhiteTeam "Jenbach 2"]
[BlackTeam "Rochade Rum"]

1. d4 g6 2. e4 Bg7 3. Nc3 d6 4. f4 Nf6 5. Nf3 c5 6. dxc5 Qa5 7. Qd4 O-O 8. cxd6
exd6 9. Qd2 Re8 10. Bd3 Bf5 11. Kd1 Bg4 12. Nd5 Qd8 13. Nxf6+ Qxf6 14. Qf2 Nc6
15. Re1 Rac8 16. c3 a6 17. Ke2 d5 18. e5 Qe6 19. Kf1 Bxf3 20. Qxf3 d4 21. Bd2
b5 22. Kg1 dxc3 23. Bxc3 b4 24. f5 Nxe5 25. Bxe5 Qb6+ 26. Kh1 Rxe5 27. Rxe5
Bxe5 28. Rf1 Kh8 29. Qe2 Qd6 30. Bxa6 Rd8 31. h3 gxf5 32. Bd3 Bg7 33. Bxf5 h6
34. Bb1 Qe5 35. Qc2 f5 36. a4 Rf8 37. b3 Qg3 38. Qd3 Qxd3 39. Bxd3 f4 40. Be4
Rd8 41. Bf3 Rd2 42. Rd1 Rxd1+ 43. Bxd1 Bd4 44. h4 Bf2 45. h5 Kg7 46. Kh2 Kf6
47. Kh3 Kg5 48. Bg4 Kf6 49. Bd7 Kg5 50. Be8 Bg3 51. a5 Kf5 52. a6 Bf2 53. Bf7
Kf6 54. Be8 Kf5 1/2-1/2

[Event "2. Bundesliga West 2016/17"]
[Site "Tirol"]
[Date "2016.10.29"]
[Round "2"]
[Board "3"]
[White "Spornberger, Andre"]
[Black "Micheli, Carlo"]
[Result "1-0"]
[WhiteElo "2288"]
[BlackElo "2242"]
[PlyCount "83"]
[EventDate "2016.10.28"]
[EventType "team"]
[EventRounds "11"]
[EventCountry "AUT"]
[WhiteTeam "Rochade Rum"]
[BlackTeam "Jenbach 2"]

1. d4 g6 2. Bf4 Bg7 3. e3 d6 4. Nf3 Nc6 5. h3 Nf6 6. Be2 O-O 7. O-O Qe8 8. c4
e5 9. Bh2 a6 10. Nc3 Bf5 11. Rc1 e4 12. Nd2 Qe7 13. Nd5 Nxd5 14. cxd5 Nb4 15.
Qb3 a5 16. a3 Nd3 17. Bxd3 exd3 18. Qxb7 Rab8 19. Qxc7 Qxc7 20. Rxc7 Rxb2 21.
Rd1 Rd8 22. Ra7 Bf8 23. Rxa5 Rc8 24. Bf4 h6 25. g4 Rcc2 26. e4 Bc8 27. Be3 f5
28. gxf5 gxf5 29. e5 dxe5 30. dxe5 f4 31. Bxf4 Bxh3 32. f3 Bc5+ 33. Kh2 Bf5 34.
e6 Bd6 35. Bxd6 Rxd2+ 36. Rxd2 Rxd2+ 37. Kg3 Re2 38. Bb4 d2 39. Bxd2 Rxd2 40.
Kf4 Bg6 41. Ke5 h5 42. d6 1-0

[Event "2. Bundesliga West 2016/17"]
[Site "Tirol"]
[Date "2016.10.29"]
[Round "2"]
[Board "4"]
[White "Gruber, Michael"]
[Black "Moroder, Stefan"]
[Result "1/2-1/2"]
[WhiteElo "2169"]
[BlackElo "2206"]
[PlyCount "55"]
[EventDate "2016.10.28"]
[EventType "team"]
[EventRounds "11"]
[EventCountry "AUT"]
[WhiteTeam "Jenbach 2"]
[BlackTeam "Rochade Rum"]

1. e4 c5 2. Nf3 d6 3. Bb5+ Nd7 4. O-O a6 5. Bd3 b5 6. c4 g5 7. Nxg5 Ne5 8. Be2
h6 9. Nf3 Nxc4 10. d4 cxd4 11. Bxc4 bxc4 12. Qxd4 Nf6 13. e5 dxe5 14. Qxd8+
Kxd8 15. Nxe5 Be6 16. Nc3 Bg7 17. Be3 Nd7 18. Nc6+ Kc7 19. Nd4 Bxd4 20. Bxd4
Rhg8 21. Rfe1 Rg4 22. Rad1 Rag8 23. g3 h5 24. Be3 Kc6 25. Bd4 Kc7 26. Be3 Kc6
27. Bd4 Kc7 28. Be3 1/2-1/2

[Event "2. Bundesliga West 2016/17"]
[Site "Tirol"]
[Date "2016.10.29"]
[Round "2"]
[Board "5"]
[White "Hengl, Christian"]
[Black "Binder, Moriz"]
[Result "0-1"]
[WhiteElo "2226"]
[BlackElo "2186"]
[PlyCount "83"]
[EventDate "2016.10.28"]
[EventType "team"]
[EventRounds "11"]
[EventCountry "AUT"]
[WhiteTeam "Rochade Rum"]
[BlackTeam "Jenbach 2"]

1. e4 e5 2. Nf3 Nc6 3. Bc4 Bc5 4. O-O d6 5. c3 Nf6 6. d4 Bb6 7. Re1 O-O 8. h3
h6 9. Be3 Re8 10. Nbd2 exd4 11. Nxd4 Nxd4 12. Bxd4 Be6 13. Bd3 c5 14. Be3 d5
15. e5 d4 16. cxd4 cxd4 17. Bf4 Nd5 18. Bh2 Nb4 19. Bb5 Nc6 20. Nc4 Bd5 21. Nd6
Qg5 22. Ne4 Qg6 23. Qg4 Qxg4 24. hxg4 a6 25. Ba4 Ba5 26. Nd6 Bxe1 27. Nxe8
Bxf2+ 28. Kxf2 Rxe8 29. Bxc6 bxc6 30. b4 a5 31. Rd1 axb4 32. Rxd4 Ra8 33. Rxb4
Rxa2+ 34. Kf1 Bxg2+ 35. Ke1 Kh7 36. Bf4 Kg6 37. Bd2 Bd5 38. Ke2 Be6 39. Ke1 c5
40. Rb6 Ra4 41. Kf2 Rxg4 42. Kf3 0-1

[Event "2. Bundesliga West 2016/17"]
[Site "Tirol"]
[Date "2016.10.29"]
[Round "2"]
[Board "6"]
[White "Czoeppan, Thomas"]
[Black "Jedinger, Andreas"]
[Result "0-1"]
[WhiteElo "2098"]
[BlackElo "2120"]
[PlyCount "76"]
[EventDate "2016.10.28"]
[EventType "team"]
[EventRounds "11"]
[EventCountry "AUT"]
[WhiteTeam "Jenbach 2"]
[BlackTeam "Rochade Rum"]

1. d4 Nf6 2. Nf3 g6 3. g3 Bg7 4. Bg2 d5 5. O-O O-O 6. c3 a5 7. h3 c5 8. dxc5
Na6 9. Be3 Ne4 10. Ng5 Naxc5 11. Nxe4 Nxe4 12. Nd2 Nf6 13. Nf3 a4 14. Bd4 a3
15. b3 Bf5 16. Nh4 Be6 17. Qd3 Qc8 18. Kh2 Rd8 19. f4 Bf5 20. Nxf5 gxf5 21.
Rfd1 Qe6 22. Rac1 Rac8 23. Be5 Ne4 24. Bd4 Bxd4 25. Qxd4 Qa6 26. Rc2 Qa5 27.
Qe5 Qb6 28. Qxf5 Qf2 29. Qg4+ Kh8 30. Qf3 Qb6 31. Qd3 f5 32. Qf3 Rd6 33. Rd3
Rg6 34. Qe3 d4 35. Qxd4+ Qxd4 36. Rxd4 Nxg3 37. Bxb7 Rcg8 38. Bd5 Nf1+ 0-1

[Event "2. Bundesliga West 2016/17"]
[Site "Tirol"]
[Date "2016.10.29"]
[Round "2"]
[Board "1"]
[White "Votava, Jan"]
[Black "Doskocil, Klaus"]
[Result "1/2-1/2"]
[WhiteElo "2522"]
[BlackElo "2211"]
[PlyCount "62"]
[EventDate "2016.10.28"]
[EventType "team"]
[EventRounds "11"]
[EventCountry "AUT"]
[WhiteTeam "Zillertal"]
[BlackTeam "Pradl"]

1. d4 Nf6 2. c4 d6 3. Nf3 Nbd7 4. g3 e5 5. Bg2 Be7 6. O-O c6 7. Nc3 O-O 8. e3
e4 9. Nd2 d5 10. cxd5 cxd5 11. f3 exf3 12. Nxf3 Nb6 13. Ne5 Be6 14. Bd2 Nfd7
15. Nd3 Nf6 16. Nf4 Qd7 17. Nxe6 Qxe6 18. Qb3 Qd7 19. Rae1 Rfe8 20. Kh1 Bf8 21.
a4 Rac8 22. Bc1 Nc4 23. e4 Nxe4 24. Nxe4 dxe4 25. Rxe4 Rxe4 26. Bxe4 Qxd4 27.
Bxb7 Rc7 28. Qf3 Ne5 29. Qe4 Qd3 30. Re1 Ng4 31. Qxg4 Rxb7 1/2-1/2

[Event "2. Bundesliga West 2016/17"]
[Site "Tirol"]
[Date "2016.10.29"]
[Round "2"]
[Board "2"]
[White "Sucher, Johannes"]
[Black "Lanka, Zigurds"]
[Result "0-1"]
[WhiteElo "2122"]
[BlackElo "2445"]
[PlyCount "22"]
[EventDate "2016.10.28"]
[EventType "team"]
[EventRounds "11"]
[EventCountry "AUT"]
[WhiteTeam "Pradl"]
[BlackTeam "Zillertal"]

1. d4 Nf6 2. Bg5 Ne4 3. Bh4 g5 4. f3 gxh4 5. fxe4 c5 6. Nc3 Qa5 7. e3 Bh6 8.
Kf2 d6 9. Qh5 Bxe3+ 10. Kf3 Bxd4 11. Bc4 Bxc3 0-1